MARC

Tag First Indicator Second Indicator Subfields
LEADER 00000cam a2200000 a 4500
001 in00005469621
008 850925s1986 nyu 000 0 eng
005 20240905211236.6
010 |a  85025087  
035 |a (OCoLC)ocm12694513 
040 |a DLC  |b eng  |c DLC  |d VET  |d YBM  |d BAKER  |d BTCTA  |d YDXCP  |d DEBBG  |d BDX  |d OCLCO  |d OCLCF  |d OCLCQ  |d OCLCO  |d OCLCQ  |d FC@  |d MNA  |d OCLCO  |d DGU  |d OCLCO  |d OCLCA  |d NJK  |d QS7  |d OCLCO  |d CNO  |d OCLCA  |d OCLCQ  |d OCLCO  |d JABUK  |d XQM  |d OCLCO  |d GSU  |d NKM  |d OCLCO  |d OCLCL  |d CFS  |d OCLCL  |d OCLCQ  |d TXA 
016 7 |a BA11361900  |2 JP-ToKJK 
019 |a 1183268639  |a 1201884385 
020 |a 0312257511 
020 |a 9780312257514 
020 |a 0312015607 
020 |a 9780312015602 
035 |a (OCoLC)12694513  |z (OCoLC)1183268639  |z (OCoLC)1201884385 
043 |a n-us--- 
050 4 |a RA643.83  |b .N86 1986 
082 0 0 |a 362.1/969792  |2 19 
100 1 |a Nungesser, Lon G.,  |e author. 
245 1 0 |a Epidemic of courage :  |b facing AIDS in America /  |c Lon G. Nungesser. 
250 |a 1st ed. 
264 1 |a New York :  |b St. Martin's Press,  |c [1986] 
300 |a xvi, 255 pages ;  |c 22 cm 
336 |a text  |b txt  |2 rdacontent 
337 |a unmediated  |b n  |2 rdamedia 
338 |a volume  |b nc  |2 rdacarrier 
490 1 |a Stonewall Inn editions ;  |v 8 
505 0 |a Persons with AIDS -- A multicolored mosaic / Arthur Felson -- The problem is no control / Bob Cecchi -- A double whammy / Lance Gaines -- My roommate breaks dishes / Jeff -- Just like a heart attach / John -- One day at a time / Dan Turner -- Speaking for ourselves / Bobby Reynolds -- Gay Family Network -- A stronger pair / Mark Wood -- A mother's love / Gertude Cook -- He was my brother / Jerry -- Wisdom and grace / Lu Chaikin -- Putting sex in its place / Armistead Maupin -- The horrible and the wonderful / Linda Maxey. 
500 |a The Cushing Library/Women & Gender Studies copy was acquired as part of The Don Kelly Research Collection of Gay Literature and Culture.  |5 TXA 
650 0 |a AIDS (Disease)  |z United States  |x Psychological aspects. 
650 0 |a AIDS (Disease)  |x Social aspects  |z United States. 
650 0 |a AIDS (Disease)  |x Patients  |z United States  |v Interviews. 
650 2 |a Acquired Immunodeficiency Syndrome  |x psychology 
650 6 |a Sida  |z États-Unis  |x Aspect psychologique. 
650 6 |a Sida  |x Aspect social  |z États-Unis. 
650 7 |a AIDS (Disease)  |x Psychological aspects  |2 fast 
650 7 |a AIDS (Disease)  |x Social aspects  |2 fast 
651 7 |a United States  |2 fast  |1 https://id.oclc.org/worldcat/entity/E39PBJtxgQXMWqmjMjjwXRHgrq 
650 7 |a Umfrage  |2 gnd 
650 7 |a Aids  |2 gnd 
651 7 |a USA  |2 gnd 
650 7 |a HIV/AIDS.  |2 homoit  |0 https://homosaurus.org/v3/homoit0000005 
650 7 |a AIDS awareness.  |2 homoit  |0 https://homosaurus.org/v3/homoit0000025 
655 7 |a Interviews.  |2 lcgft 
700 1 |a Boyd, Malcolm,  |d 1923-2015,  |e writer of foreword. 
758 |i has work:  |a Epidemic of courage (Text)  |1 https://id.oclc.org/worldcat/entity/E39PD3MkwPJXfRhtqPYwTPbwyb  |4 https://id.oclc.org/worldcat/ontology/hasWork 
830 0 |a Stonewall Inn editions ;  |v 8. 
938 |a Baker & Taylor  |b BKTY  |c 15.95  |d 11.96  |i 0312257511  |n 0001731195  |s active 
938 |a Brodart  |b BROD  |n 38491745  |c $7.95 
938 |a Baker and Taylor  |b BTCP  |n 85025087 //r902  |c $15.95 
938 |a YBP Library Services  |b YANK  |n 189699 
029 1 |a AU@  |b 000004215778 
029 1 |a DEBBG  |b BV009195281 
029 1 |a GEBAY  |b 530111 
029 1 |a HEBIS  |b 129358061 
029 1 |a NLGGC  |b 860453618 
994 |a Z0  |b TXA 
948 |h HELD BY TXA - 380 OTHER HOLDINGS 
999 f f |s 58219803-fab0-4f50-9ef1-dac409b4356d  |i 4aa6c95f-c4f5-40a1-a9fa-5541c553f6bf  |t 0 
952 f f |p noncirc  |a Texas A&M University  |b College Station  |c Cushing Memorial Library & Archives  |d Cushing: Women & Gender Studies (Does not check out)  |t 0  |e RA643.83 .N86 1986  |h Library of Congress classification  |i unmediated -- volume  |m A1485334737C 
998 f f |a RA643.83 .N86 1986  |t 0  |l Cushing: Women & Gender Studies (Does not check out)